Repo auction formats, bidders' behaviour and money market response in India (Record no. 39878)

000 -LEADER
fixed length control field 01048pab a2200181 454500
008 - FIXED-LENGTH DATA ELEMENTS--GENERAL INFORMATION
fixed length control field 180718b1998 xxu||||| |||| 00| 0 eng d
100 ## - MAIN ENTRY--PERSONAL NAME
Personal name Singh, Bhupal
245 ## - TITLE STATEMENT
Title Repo auction formats, bidders' behaviour and money market response in India
260 ## - PUBLICATION, DISTRIBUTION, ETC.
Date of publication, distribution, etc. 1998
300 ## - PHYSICAL DESCRIPTION
Extent p.249-68
362 ## - DATES OF PUBLICATION AND/OR SEQUENTIAL DESIGNATION
Dates of publication and/or sequential designation Sep
520 ## - SUMMARY, ETC.
Summary, etc. The treasury securities repo-auction is an important instrument for central banks in managing liquidity and sending interest rate signal to the money market. In the Indian context, the repo-auctions have been used actively in the post-reform period. The present study illustrates the money market reaction to repo-auctions and points out whether such reaction is consistent with applied auction rules. The policy implications are analysed in the light of alternative rules pertaining to discriminatory price auctions and fixed rate repos. - Reproduced
650 ## - SUBJECT ADDED ENTRY--TOPICAL TERM
Topical term or geographic name entry element Financial markets - India
650 ## - SUBJECT ADDED ENTRY--TOPICAL TERM
Topical term or geographic name entry element Financial markets
700 ## - ADDED ENTRY--PERSONAL NAME
Personal name Dhal, Sarat C.
773 ## - HOST ITEM ENTRY
Main entry heading Reserve Bank of India Occasional Papers
909 ## -
-- 39878
Holdings
Withdrawn status Lost status Damaged status Not for loan Permanent Location Current Location Date acquired Serial Enumeration / chronology Barcode Date last seen Price effective from Koha item type
        Indian Institute of Public Administration Indian Institute of Public Administration 2018-07-19 Volume no: 19, Issue no: 3 AR40249 2018-07-19 2018-07-19 Articles

Powered by Koha